Entry Personal Name
Number of records used in: 1
001 - CONTROL NUMBER
003 - CONTROL NUMBER IDENTIFIER
005 - DATE AND TIME OF LATEST TRANSACTION
- control field:
20211203130107.0
008 - FIXED-LENGTH DATA ELEMENTS
- fixed length control field:
800819n| azannaabn |b aaa
010 ## - LIBRARY OF CONGRESS CONTROL NUMBER
- LC control number:
n 79143085
035 ## - SYSTEM CONTROL NUMBER
- System control number:
(OCoLC)oca00374286
040 ## - CATALOGING SOURCE
- Original cataloging agency:
DLC
- Language of cataloging:
eng
- Description conventions:
rda
- Transcribing agency:
DLC
- Modifying agency:
DLC
- Modifying agency:
NjP
- Modifying agency:
InU
- Modifying agency:
Uk
- Modifying agency:
DLC
- Modifying agency:
ICU
- Modifying agency:
DLC
- Modifying agency:
WU
046 ## - SPECIAL CODED DATES
- Birth date:
1938-01-18
- Source of date scheme:
edtf
100 1# - HEADING--PERSONAL NAME
- Personal name:
Giddens, Anthony
375 ## - GENDER
- Gender:
Males
- Source of term:
lcdgt
377 ## - ASSOCIATED LANGUAGE
400 1# - SEE FROM TRACING--PERSONAL NAME
- Personal name:
Giddens, Ėntoni
400 1# - SEE FROM TRACING--PERSONAL NAME
- Personal name:
Giddens, Antony
400 1# - SEE FROM TRACING--PERSONAL NAME
- Personal name:
Gidens, Entoni
400 0# - SEE FROM TRACING--PERSONAL NAME
400 1# - SEE FROM TRACING--PERSONAL NAME
- Personal name:
Gidnes, Antoni
400 1# - SEE FROM TRACING--PERSONAL NAME
- Personal name:
גידנס, אנתוני
400 1# - SEE FROM TRACING--PERSONAL NAME
- Personal name:
Gkintens, Antoni
400 1# - SEE FROM TRACING--PERSONAL NAME
- Personal name:
Γκιντενς, Αντονι
670 ## - SOURCE DATA FOUND
- Source citation:
Capitalism and modern social theory, 1971.
670 ## - SOURCE DATA FOUND
- Source citation:
The consequences of modernity, 1990:
- Information found:
CIP t.p. (Anthony Giddens) data sheet (b. 1938)
670 ## - SOURCE DATA FOUND
- Source citation:
Beyond left and right, 1994:
- Information found:
t.p. (Anthony Giddens) jkt. (prof. of sociology and fellow of King's College, Cambridge)
670 ## - SOURCE DATA FOUND
- Source citation:
Sovremennai︠a︡ teoreticheskai︠a︡ sot︠s︡iologii︠a︡, 1995:
- Information found:
t.p. (Ėntoni Giddens)
670 ## - SOURCE DATA FOUND
- Source citation:
Sociology, 1997:
- Information found:
t.p. (Anthony Giddens) cover p. 4 (director of the London School of Economics and Political Science; formerly professor of sociology and fellow of King's College, Univ. of Cambridge)
670 ## - SOURCE DATA FOUND
- Source citation:
Gia henan enallaktiko trito dromo, c2001:
- Information found:
t.p. (Antony Giddens)
670 ## - SOURCE DATA FOUND
- Source citation:
Tretiot pat, 2002:
- Information found:
t.p. (Entoni Gidens)
670 ## - SOURCE DATA FOUND
- Source citation:
ALCS database, 20 Apr. 2005
- Information found:
(born 18 Jan. 1938)
670 ## - SOURCE DATA FOUND
- Source citation:
Quan qiu hua yu di san tiao lu, 2005 :
- Information found:
t.p. (Anthony Giddens; Jidengsi)
670 ## - SOURCE DATA FOUND
- Source citation:
Sotsyologyah, c2013:
- Information found:
t.p. (אנתוני גידנס = Antoni Gidnes) t.p. verso (Anthony Giddens [in rom.])
670 ## - SOURCE DATA FOUND
- Source citation:
Kosmos tōn ragdaiōn allagōn, 2002:
- Information found:
title page (Antoni Gkintens)